Evolutionary game theory (Registro nro. 88787)

Detalles MARC
000 -ENCABEZADO
Número de control [NR] 00695nam a22002057a 4500
008 - DE LONGITUD FIJA DE DATOS DE ELEMENTOS - INFORMACIÓN GENERAL
Elementos de longitud fija [NR] 130821s1995 enka gr eng
020 ## - NUMERO INTERNACIONAL NORMALIZADO PARA LIBROS [R]
Número Internacional Normalizado del libro [NR] 0262231816
040 ## - FUENTE DE CATALOGACION [NR]
Agencia de catalogación original [NR] Co-BoUCM
Idioma de catalogación [NR] spa
041 00 - CODIGO DE IDIOMA [R]
Código de idioma para texto/pista de sonido o título separado [R] Inglés
100 1# - ASIENTO PRINCIPAL--NOMBRE PERSONAL [NR]
Nombre personal [NR] Weibull, Jörgen W.
ID Autoridad 171154
245 10 - MENCION DE TITULO [NR]
Título [NR] Evolutionary game theory
Mención de responsabilidad, etc. [NR] Jörgen W. Weibull
260 ## - PUBLICACION, DISTRIBUCION, ETC. (PIE DE IMPRENTA) [R]
Lugar de publicación, distribución, etc. [R] Cambridge (Inglaterra)
Nombre del editor, distribuidor, etc. [R] MIT Press
Fecha de publicación, distribución, etc. [R] c1995
300 ## - DESCRIPCION FISICA [R]
Extensión [R] xv, 265 páginas
Otros detalles físicos [NR] ilustraciones
504 ## - NOTA DE BIBLIOGRAFIA, ETC. [R]
Nota de bibliografía, etc. [NR]
650 04 - ASIENTO SECUNDARIO DE MATERIA - TERMINO TEMATICO [R]
Término temático o nombre geográfico como elemento de entrada [NR] Evolución
Subdivisión de forma [R] Modelos matemáticos
9 (RLIN) 15359
650 04 - ASIENTO SECUNDARIO DE MATERIA - TERMINO TEMATICO [R]
Término temático o nombre geográfico como elemento de entrada [NR] Matemáticas
9 (RLIN) 19031
650 04 - ASIENTO SECUNDARIO DE MATERIA - TERMINO TEMATICO [R]
Término temático o nombre geográfico como elemento de entrada [NR] Teoría de los juegos
9 (RLIN) 25291
942 ## - ELEMENTOS DE ENTRADA AGREGADOS (KOHA)
Tema principal Ciencias puras
Edición 1
Prefijo de la signatura top. (colección) Colección - Referencia
Parte restante de la signatura top. W415e
Tipo de ítem principal el descrito en 300a Libro
Sistema de clasificación DEWEY
Clasificación 519.3
Existencias
Fecha de último préstamo Total préstamos Signatura topográfica Código de barras Última vez visto Ejemplar Price effective from Tipo de ítem Perdido Sistema de clasificación Dañado No prestable Tipo de ítem específico Suprimido Ubicación habitual Ubicación actual Localización Fecha de creación Forma de adquisición Costo
16/06/2010 1 R 519.3 W415e 100089475 04/12/2025 Ej.1 03/02/2013 Libro   DEWEY     Libro   Claustro Claustro 4to piso 30/09/2008 Compra 50350.00